000 00540nam a22001937a 4500
003 KOHA_MİRAKIL
005 20260406100939.0
008 260406b tu ||||| |||| 00| 0 tur d
040 _aTR-AnABB
_btur
_cTR-AnABB
041 _atur
082 _a811.42
_bBAY 2013
100 1 _aBayazıt, M. Turan
245 1 0 _aSuyu çekilmiş değirmen /
_cM. Turan Bayazıt
260 _aİzmir :
_b[yayl. y.] ,
_c2013
300 _a43 sayfa ;
_c20 cm
500 _aYazar imzalı
650 0 4 _aTürk edebiyatı, şiir
942 _2ddc
_cBK
999 _c10155
_d10155
900 _bCan ÇELIK